[Event "Landsturneringen 2022"]
[Site "Kongsvingerhallen"]
[Date "2022.07.08"]
[Round "4"]
[White "Skotheim, Andreas"]
[Black "Mitusov, Semen"]
[Result "0-1"]
[WhiteElo "2197"]
[BlackElo "2378"]
1. e4 {[%clk 01:30:36]} {[%emt 00:00:23]} e5 {[%clk 01:30:40]} {[%emt
00:00:22]} 2. Nf3 {[%clk 01:30:42]} {[%emt 00:00:23]} Nc6 {[%clk 01:30:52]}
{[%emt 00:00:18]} 3. Bb5 {[%clk 01:30:48]} {[%emt 00:00:24]} a6 {[%clk
01:31:15]} {[%emt 00:00:08]} 4. Ba4 {[%clk 01:31:11]} {[%emt 00:00:06]} Nf6
{[%clk 01:31:39]} {[%emt 00:00:07]} 5. O-O {[%clk 01:31:03]} {[%emt 00:00:37]}
Be7 {[%clk 01:31:30]} {[%emt 00:00:41]} 6. d3 {[%clk 01:31:03]} {[%emt
00:00:29]} b5 {[%clk 01:30:48]} {[%emt 00:01:13]} 7. Bb3 {[%clk 01:31:24]}
{[%emt 00:00:08]} d6 {[%clk 01:29:36]} {[%emt 00:01:43]} 8. a3 {[%clk
01:31:25]} {[%emt 00:00:28]} O-O {[%clk 01:28:34]} {[%emt 00:01:32]} 9. Nc3
{[%clk 01:31:33]} {[%emt 00:00:22]} h6 {[%clk 01:27:03]} {[%emt 00:02:02]} 10.
h3 {[%clk 01:29:09]} {[%emt 00:02:53]} Re8 {[%clk 01:23:57]} {[%emt 00:03:38]}
11. Bd2 {[%clk 01:19:16]} {[%emt 00:10:22]} Bf8 {[%clk 01:22:35]} {[%emt
00:01:53]} 12. Nd5 {[%clk 01:14:42]} {[%emt 00:05:03]} Be6 {[%clk 01:21:36]}
{[%emt 00:01:29]} 13. c4 {[%clk 01:04:55]} {[%emt 00:10:16]} Nd7 {[%clk
01:08:20]} {[%emt 00:13:47]} 14. Qc2 {[%clk 00:57:46]} {[%emt 00:07:39]} Nc5
{[%clk 00:50:47]} {[%emt 00:18:03]} 15. Ba2 {[%clk 00:55:04]} {[%emt 00:03:12]}
bxc4 {[%clk 00:49:51]} {[%emt 00:01:26]} 16. Bxc4 {[%clk 00:51:22]} {[%emt
00:04:12]} Ne7 {[%clk 00:42:34]} {[%emt 00:07:47]} 17. d4 {[%clk 00:36:06]}
{[%emt 00:15:46]} exd4 {[%clk 00:40:22]} {[%emt 00:02:42]} 18. Nxd4 {[%clk
00:34:27]} {[%emt 00:02:09]} Nxd5 {[%clk 00:36:56]} {[%emt 00:03:57]} 19. exd5
{[%clk 00:31:38]} {[%emt 00:03:17]} Bd7 {[%clk 00:35:43]} {[%emt 00:01:45]} 20.
Rfe1 {[%clk 00:31:28]} {[%emt 00:00:39]} Qf6 {[%clk 00:33:57]} {[%emt
00:02:16]} 21. Be3 {[%clk 00:26:11]} {[%emt 00:05:46]} g6 {[%clk 00:30:52]}
{[%emt 00:03:36]} 22. b4 {[%clk 00:22:22]} {[%emt 00:04:20]} Ne4 {[%clk
00:22:13]} {[%emt 00:09:09]} 23. Bd3 {[%clk 00:20:18]} {[%emt 00:02:33]} Ng5
{[%clk 00:22:11]} {[%emt 00:00:33]} 24. h4 {[%clk 00:18:22]} {[%emt 00:02:26]}
Nh7 {[%clk 00:20:51]} {[%emt 00:01:50]} 25. h5 {[%clk 00:18:11]} {[%emt
00:00:40]} Ng5 {[%clk 00:19:39]} {[%emt 00:01:43]} 26. hxg6 {[%clk 00:17:31]}
{[%emt 00:01:09]} fxg6 {[%clk 00:19:41]} {[%emt 00:00:28]} 27. Bxg6 {[%clk
00:15:37]} {[%emt 00:02:23]} Re5 {[%clk 00:18:36]} {[%emt 00:01:36]} 28. Bd3
{[%clk 00:13:37]} {[%emt 00:02:30]} Rae8 {[%clk 00:18:32]} {[%emt 00:00:34]} 29.
Ne6 {[%clk 00:11:13]} {[%emt 00:02:53]} Nxe6 {[%clk 00:17:51]} {[%emt
00:01:11]} 30. dxe6 {[%clk 00:11:36]} {[%emt 00:00:07]} Bxe6 {[%clk 00:17:12]}
{[%emt 00:01:10]} 31. Qxc7 {[%clk 00:09:49]} {[%emt 00:02:17]} Re7 {[%clk
00:14:05]} {[%emt 00:03:37]} 32. Qc6 {[%clk 00:07:17]} {[%emt 00:03:02]} Rg7
{[%clk 00:13:52]} {[%emt 00:00:43]} 33. Bc4 {[%clk 00:03:53]} {[%emt 00:03:54]}
d5 {[%clk 00:12:15]} {[%emt 00:02:07]} 34. Bf1 {[%clk 00:02:53]} {[%emt
00:01:30]} Qh4 {[%clk 00:08:55]} {[%emt 00:03:50]} 35. f4 {[%clk 00:01:16]}
{[%emt 00:02:07]} Bd7 {[%clk 00:08:13]} {[%emt 00:01:13]} 36. Qa8 {[%clk
00:01:07]} {[%emt 00:00:38]} Rh5 {[%clk 00:08:11]} {[%emt 00:00:33]} 37. Bc5
{[%clk 00:00:57]} {[%emt 00:00:40]} Qh2+ {[%clk 00:08:18]} {[%emt 00:00:23]} 38.
Kf2 {[%clk 00:01:17]} {[%emt 00:00:10]} Qxf4+ {[%clk 00:08:37]} {[%emt
00:00:12]} 39. Ke2 {[%clk 00:00:35]} {[%emt 00:01:11]} Re5+ {[%clk 00:08:04]}
{[%emt 00:01:03]} 40. Kd3 {[%clk 00:00:39]} {[%emt 00:00:26]} Rg3+ {[%clk
00:07:53]} {[%emt 00:00:40]} 41. Kc2 {[%clk 00:29:16]} {[%emt 00:02:23]} Ba4+
{[%clk 00:38:46]} {[%emt 00:00:08]}
0-1

[Event "Landsturneringen 2022"]
[Site "Kongsvingerhallen"]
[Date "2022.07.08"]
[Round "4"]
[White "Unneland, Mathias"]
[Black "Øye-Strømberg, Alexander"]
[Result "1/2-1/2"]
[WhiteElo "2251"]
[BlackElo "2304"]
1. d4 {[%clk 01:30:49]} {[%emt 00:00:10]} Nf6 {[%clk 01:30:33]} {[%emt
00:00:28]} 2. c4 {[%clk 01:31:04]} {[%emt 00:00:15]} e6 {[%clk 01:30:46]}
{[%emt 00:00:17]} 3. Nf3 {[%clk 01:30:45]} {[%emt 00:00:49]} d5 {[%clk
01:30:43]} {[%emt 00:00:32]} 4. Nc3 {[%clk 01:29:17]} {[%emt 00:01:59]} Bb4
{[%clk 01:29:13]} {[%emt 00:02:00]} 5. Qa4+ {[%clk 01:28:51]} {[%emt 00:00:57]}
Nc6 {[%clk 01:29:35]} {[%emt 00:00:07]} 6. e3 {[%clk 01:28:58]} {[%emt
00:00:23]} O-O {[%clk 01:29:33]} {[%emt 00:00:31]} 7. Qc2 {[%clk 01:28:32]}
{[%emt 00:00:57]} Na5 {[%clk 01:25:06]} {[%emt 00:04:57]} 8. cxd5 {[%clk
01:21:10]} {[%emt 00:07:52]} exd5 {[%clk 01:23:05]} {[%emt 00:02:31]} 9. Bd3
{[%clk 01:17:00]} {[%emt 00:04:40]} Bd6 {[%clk 01:10:35]} {[%emt 00:13:00]} 10.
Nb5 {[%clk 00:59:21]} {[%emt 00:18:09]} Nc6 {[%clk 01:10:14]} {[%emt 00:00:51]}
11. a3 {[%clk 00:58:09]} {[%emt 00:01:42]} Bg4 {[%clk 01:08:25]} {[%emt
00:02:18]} 12. Bd2 {[%clk 00:52:45]} {[%emt 00:05:55]} Re8 {[%clk 01:06:07]}
{[%emt 00:02:48]} 13. Nxd6 {[%clk 00:37:56]} {[%emt 00:15:19]} Qxd6 {[%clk
01:06:01]} {[%emt 00:00:35]} 14. O-O {[%clk 00:35:38]} {[%emt 00:02:48]} Ne4
{[%clk 00:57:33]} {[%emt 00:08:59]} 15. Ne1 {[%clk 00:22:55]} {[%emt 00:13:12]}
Bh5 {[%clk 00:33:45]} {[%emt 00:24:18]} 16. Bc1 {[%clk 00:13:23]} {[%emt
00:10:03]} Re7 {[%clk 00:27:16]} {[%emt 00:06:58]} 17. b4 {[%clk 00:10:58]}
{[%emt 00:02:56]} a6 {[%clk 00:24:11]} {[%emt 00:03:35]} 18. Be2 {[%clk
00:09:21]} {[%emt 00:02:07]} Bg6 {[%clk 00:22:30]} {[%emt 00:02:11]} 19. Nd3
{[%clk 00:09:29]} {[%emt 00:00:22]} Rae8 {[%clk 00:16:56]} {[%emt 00:06:04]} 20.
Qb3 {[%clk 00:08:57]} {[%emt 00:01:02]} Ng5 {[%clk 00:15:36]} {[%emt 00:01:50]}
21. Nf4 {[%clk 00:08:31]} {[%emt 00:00:56]} Rd7 {[%clk 00:06:36]} {[%emt
00:09:30]} 22. Bd3 {[%clk 00:06:27]} {[%emt 00:02:33]} Be4 {[%clk 00:06:25]}
{[%emt 00:00:41]} 23. Bd2 {[%clk 00:06:15]} {[%emt 00:00:42]} Ne6 {[%clk
00:05:52]} {[%emt 00:01:04]} 24. Ne2 {[%clk 00:05:52]} {[%emt 00:00:53]} Ng5
{[%clk 00:05:52]} {[%emt 00:00:30]} 25. Nf4 {[%clk 00:05:38]} {[%emt 00:00:44]}
Ne6 {[%clk 00:06:08]} {[%emt 00:00:15]} 26. Ne2 {[%clk 00:05:33]} {[%emt
00:00:34]} Ng5 {[%clk 00:06:24]} {[%emt 00:00:14]} 27. Nf4 {[%clk 00:05:08]}
{[%emt 00:00:55]} Ne6 {[%clk 00:06:24]} {[%emt 00:00:30]} 
1/2-1/2

[Event "Landsturneringen 2022"]
[Site "Kongsvingerhallen"]
[Date "2022.07.08"]
[Round "4"]
[White "Kvaløy, Aksel Bu"]
[Black "Nilsen, Tobias Lang"]
[Result "1/2-1/2"]
[WhiteElo "2289"]
[BlackElo "2283"]
1. Nf3 {[%clk 01:30:53]} {[%emt 00:00:05]} d5 {[%clk 01:30:50]} {[%emt
00:00:12]} 2. d4 {[%clk 01:30:59]} {[%emt 00:00:24]} e6 {[%clk 01:28:21]}
{[%emt 00:02:58]} 3. c4 {[%clk 01:30:28]} {[%emt 00:01:01]} c6 {[%clk
01:28:45]} {[%emt 00:00:07]} 4. Nc3 {[%clk 01:29:42]} {[%emt 00:01:16]} dxc4
{[%clk 01:27:50]} {[%emt 00:01:25]} 5. e3 {[%clk 01:28:10]} {[%emt 00:02:02]}
b5 {[%clk 01:26:34]} {[%emt 00:01:46]} 6. a4 {[%clk 01:25:52]} {[%emt
00:02:48]} Bb4 {[%clk 01:26:56]} {[%emt 00:00:07]} 7. Bd2 {[%clk 01:24:12]}
{[%emt 00:02:11]} a5 {[%clk 01:26:25]} {[%emt 00:01:01]} 8. axb5 {[%clk
01:19:36]} {[%emt 00:05:05]} Bxc3 {[%clk 01:24:47]} {[%emt 00:02:08]} 9. Bxc3
{[%clk 01:18:11]} {[%emt 00:01:55]} cxb5 {[%clk 01:25:10]} {[%emt 00:00:07]} 10.
b3 {[%clk 01:18:22]} {[%emt 00:00:19]} Bb7 {[%clk 01:25:33]} {[%emt 00:00:07]}
11. bxc4 {[%clk 01:15:32]} {[%emt 00:03:20]} b4 {[%clk 01:25:56]} {[%emt
00:00:07]} 12. Bb2 {[%clk 01:13:38]} {[%emt 00:02:24]} Nf6 {[%clk 01:26:01]}
{[%emt 00:00:26]} 13. Bd3 {[%clk 01:13:18]} {[%emt 00:00:49]} O-O {[%clk
01:26:17]} {[%emt 00:00:14]} 14. O-O {[%clk 01:11:56]} {[%emt 00:01:52]} Nbd7
{[%clk 01:26:40]} {[%emt 00:00:07]} 15. Qc2 {[%clk 01:06:30]} {[%emt 00:05:56]}
Bxf3 {[%clk 01:13:40]} {[%emt 00:13:30]} 16. gxf3 {[%clk 01:06:55]} {[%emt
00:00:05]} Qc7 {[%clk 01:13:51]} {[%emt 00:00:19]} 17. f4 {[%clk 00:55:37]}
{[%emt 00:11:48]} Rfc8 {[%clk 01:04:50]} {[%emt 00:09:30]} 18. c5 {[%clk
00:52:02]} {[%emt 00:04:06]} Qc6 {[%clk 01:00:42]} {[%emt 00:04:38]} 19. Qa4
{[%clk 00:39:19]} {[%emt 00:13:13]} Qf3 {[%clk 00:56:21]} {[%emt 00:04:51]} 20.
Rfc1 {[%clk 00:36:38]} {[%emt 00:03:11]} Nf8 {[%clk 00:32:33]} {[%emt
00:24:18]} 21. Bf1 {[%clk 00:31:05]} {[%emt 00:06:02]} Nd5 {[%clk 00:31:10]}
{[%emt 00:01:54]} 22. Bg2 {[%clk 00:26:58]} {[%emt 00:04:37]} Qh5 {[%clk
00:28:49]} {[%emt 00:02:51]} 23. Qd1 {[%clk 00:11:31]} {[%emt 00:15:57]} Qxd1+
{[%clk 00:16:51]} {[%emt 00:12:28]} 24. Rxd1 {[%clk 00:12:00]} a4 {[%clk
00:14:12]} {[%emt 00:03:09]} 25. Rdb1 {[%clk 00:11:48]} {[%emt 00:00:42]} Ng6
{[%clk 00:11:13]} {[%emt 00:03:29]} 26. Bc1 {[%clk 00:10:25]} {[%emt 00:01:53]}
Rcb8 {[%clk 00:10:53]} {[%emt 00:00:50]} 27. Bd2 {[%clk 00:09:00]} {[%emt
00:01:56]} b3 {[%clk 00:11:16]} {[%emt 00:00:07]} 28. Ra3 {[%clk 00:07:40]}
{[%emt 00:01:50]} f5 {[%clk 00:10:04]} {[%emt 00:01:41]} 29. Bf1 {[%clk
00:06:28]} {[%emt 00:01:42]} Nge7 {[%clk 00:08:58]} {[%emt 00:01:36]} 30. Bc4
{[%clk 00:05:19]} {[%emt 00:01:38]} Nc6 {[%clk 00:08:35]} {[%emt 00:00:54]} 31.
Kf1 {[%clk 00:02:30]} {[%emt 00:03:19]} Ncb4 {[%clk 00:08:12]} {[%emt
00:00:53]} 32. Bxb4 {[%clk 00:01:36]} {[%emt 00:01:24]} Rxb4 {[%clk 00:08:36]}
{[%emt 00:00:06]} 33. Bd3 {[%clk 00:01:02]} {[%emt 00:01:04]} Kf7 {[%clk
00:07:25]} {[%emt 00:01:42]} 34. Ke1 {[%clk 00:00:50]} {[%emt 00:00:42]} Ke7
{[%clk 00:07:25]} {[%emt 00:00:29]} 35. Kd2 {[%clk 00:00:53]} {[%emt 00:00:26]}
Kd7 {[%clk 00:06:15]} {[%emt 00:01:40]} 36. Rg1 {[%clk 00:00:57]} {[%emt
00:00:27]} g6 {[%clk 00:06:19]} {[%emt 00:00:25]} 37. Kc1 {[%clk 00:00:47]}
{[%emt 00:00:40]} Kc6 {[%clk 00:05:30]} {[%emt 00:01:19]} 38. Kb2 {[%clk
00:00:54]} {[%emt 00:00:23]} Nc7 {[%clk 00:04:19]} {[%emt 00:01:42]} 39. Be2
{[%clk 00:00:43]} {[%emt 00:00:41]} Ra7 {[%clk 00:04:22]} {[%emt 00:00:26]} 40.
Kc3 {[%clk 00:00:40]} {[%emt 00:00:33]} Nd5+ {[%clk 00:04:45]} {[%emt
00:00:07]} 41. Kb2 {[%clk 00:01:05]} {[%emt 00:00:05]} Nc7 {[%clk 00:21:43]}
{[%emt 00:13:31]} 42. Kc3 {[%clk 00:30:00]} {[%emt 00:01:36]}
1/2-1/2

[Event "Landsturneringen 2022"]
[Site "Kongsvingerhallen"]
[Date "2022.07.08"]
[Round "5"]
[White "Øye-Strømberg, Alexander"]
[Black "Mitusov, Semen"]
[Result "0-1"]
[WhiteElo "2304"]
[BlackElo "2378"]
1. e4 {[%clk 01:30:47]} {[%emt 00:00:11]} e5 {[%clk 01:29:56]} {[%emt
00:01:05]} 2. Nf3 {[%clk 01:31:00]} {[%emt 00:00:16]} Nc6 {[%clk 01:29:53]}
{[%emt 00:00:34]} 3. Bb5 {[%clk 01:31:03]} {[%emt 00:00:27]} a6 {[%clk
01:30:10]} {[%emt 00:00:13]} 4. Ba4 {[%clk 01:31:23]} {[%emt 00:00:10]} Nf6
{[%clk 01:29:06]} {[%emt 00:01:35]} 5. O-O {[%clk 01:31:14]} {[%emt 00:00:38]}
Be7 {[%clk 01:29:30]} {[%emt 00:00:06]} 6. Re1 {[%clk 01:31:26]} {[%emt
00:00:18]} b5 {[%clk 01:29:14]} {[%emt 00:00:47]} 7. Bb3 {[%clk 01:31:48]}
{[%emt 00:00:07]} O-O {[%clk 01:27:43]} {[%emt 00:02:01]} 8. c3 {[%clk
01:29:48]} {[%emt 00:02:30]} d5 {[%clk 01:22:03]} {[%emt 00:06:11]} 9. exd5
{[%clk 01:29:56]} {[%emt 00:00:22]} e4 {[%clk 01:22:29]} {[%emt 00:00:04]} 10.
dxc6 {[%clk 01:26:14]} {[%emt 00:04:11]} exf3 {[%clk 01:22:54]} {[%emt
00:00:05]} 11. g3 {[%clk 01:25:31]} {[%emt 00:01:13]} Bg4 {[%clk 01:22:51]}
{[%emt 00:00:33]} 12. d4 {[%clk 01:25:06]} {[%emt 00:00:55]} Bd6 {[%clk
01:21:03]} {[%emt 00:02:19]} 13. Nd2 {[%clk 01:01:01]} {[%emt 00:24:34]} Re8
{[%clk 01:20:25]} {[%emt 00:01:08]} 14. Rxe8+ {[%clk 00:59:25]} {[%emt
00:02:05]} Qxe8 {[%clk 01:19:35]} {[%emt 00:01:22]} 15. Nxf3 {[%clk 00:54:38]}
{[%emt 00:05:16]} Qxc6 {[%clk 01:17:24]} {[%emt 00:02:42]} 16. Kg2 {[%clk
00:54:08]} {[%emt 00:00:59]} Re8 {[%clk 01:17:16]} {[%emt 00:00:38]} 17. Qd3
{[%clk 00:43:59]} {[%emt 00:10:39]} Qd7 {[%clk 01:12:37]} {[%emt 00:05:09]} 18.
Bc2 {[%clk 00:22:30]} {[%emt 00:21:59]} Ne4 {[%clk 01:09:54]} {[%emt 00:03:14]}
19. a4 {[%clk 00:21:46]} {[%emt 00:01:14]} Bf5 {[%clk 00:52:20]} {[%emt
00:18:04]} 20. Nh4 {[%clk 00:20:34]} {[%emt 00:01:42]} Bh3+ {[%clk 00:49:29]}
{[%emt 00:03:21]} 21. Kg1 {[%clk 00:20:58]} {[%emt 00:00:06]} g6 {[%clk
00:43:19]} {[%emt 00:06:41]} 22. axb5 {[%clk 00:20:01]} {[%emt 00:01:26]} axb5
{[%clk 00:34:34]} {[%emt 00:09:16]} 23. Bh6 {[%clk 00:18:58]} {[%emt 00:01:32]}
Nf6 {[%clk 00:32:23]} {[%emt 00:02:41]} 24. b4 {[%clk 00:14:09]} {[%emt
00:05:19]} c6 {[%clk 00:27:09]} {[%emt 00:05:45]} 25. f3 {[%clk 00:11:45]}
{[%emt 00:02:53]} Nd5 {[%clk 00:25:23]} {[%emt 00:02:16]} 26. Qd2 {[%clk
00:11:16]} {[%emt 00:00:58]} Be7 {[%clk 00:23:14]} {[%emt 00:02:40]} 27. Ng2
{[%clk 00:11:02]} {[%emt 00:00:44]} Bf6 {[%clk 00:23:27]} {[%emt 00:00:17]} 28.
Rd1 {[%clk 00:08:51]} {[%emt 00:02:41]} Bxg2 {[%clk 00:21:00]} {[%emt
00:02:57]} 29. Kxg2 {[%clk 00:09:12]} {[%emt 00:00:09]} Nxc3 {[%clk 00:21:26]}
{[%emt 00:00:04]} 30. Re1 {[%clk 00:06:58]} {[%emt 00:02:44]} Rxe1 {[%clk
00:21:10]} {[%emt 00:00:46]} 31. Qxe1 {[%clk 00:07:24]} {[%emt 00:00:04]} Bxd4
{[%clk 00:21:32]} {[%emt 00:00:09]} 32. Bb3 {[%clk 00:05:18]} {[%emt 00:02:36]}
Bf6 {[%clk 00:20:07]} {[%emt 00:01:54]} 33. Qa1 {[%clk 00:04:46]} {[%emt
00:01:02]} Qb7 {[%clk 00:18:47]} {[%emt 00:01:49]} 34. Qe1 {[%clk 00:03:53]}
{[%emt 00:01:25]} Qe7 {[%clk 00:18:15]} {[%emt 00:01:01]} 35. Qa1 {[%clk
00:03:17]} {[%emt 00:01:06]} Na4 {[%clk 00:16:11]} {[%emt 00:02:33]} 36. Qd1
{[%clk 00:03:41]} {[%emt 00:00:06]} Nb6 {[%clk 00:15:57]} {[%emt 00:00:45]} 37.
Qc2 {[%clk 00:03:31]} {[%emt 00:00:40]} Qe8 {[%clk 00:12:32]} {[%emt 00:03:55]}
38. Qc5 {[%clk 00:01:51]} {[%emt 00:02:10]} Nc8 {[%clk 00:12:50]} {[%emt
00:00:12]} 39. Bc2 {[%clk 00:01:17]} {[%emt 00:01:04]} Ne7 {[%clk 00:06:23]}
{[%emt 00:06:57]} 40. Be4 {[%clk 00:00:38]} {[%emt 00:01:09]} Qd7 {[%clk
00:06:06]} {[%emt 00:00:47]} 41. h4 {[%clk 00:25:41]} {[%emt 00:05:27]} Bg7
{[%clk 00:33:44]} {[%emt 00:02:52]} 42. Bg5 {[%clk 00:24:31]} {[%emt 00:01:40]}
f6 {[%clk 00:33:29]} {[%emt 00:00:46]} 43. Bf4 {[%clk 00:24:31]} {[%emt
00:00:29]} f5 {[%clk 00:30:53]} {[%emt 00:03:06]} 44. Bc2 {[%clk 00:20:56]}
{[%emt 00:04:06]} Qe6 {[%clk 00:30:07]} {[%emt 00:01:15]} 45. Bd6 {[%clk
00:20:14]} {[%emt 00:01:11]} Qe2+ {[%clk 00:24:12]} {[%emt 00:06:25]} 46. Kh3
{[%clk 00:17:20]} {[%emt 00:03:24]} Qxf3 {[%clk 00:23:46]} {[%emt 00:00:57]} 47.
Kh2 {[%clk 00:15:57]} {[%emt 00:01:52]} Nc8 {[%clk 00:18:03]} {[%emt 00:06:13]}
48. Kh3 {[%clk 00:14:47]} {[%emt 00:01:39]} Qh1# {[%clk 00:18:27]} {[%emt
00:00:07]}
0-1